Szczegóły MARC21

W powstaniu na Mokotowie /

003 -Nazwa inst., której nr kontr. jest w polu 001 [,]
    • @
    • Nazwa instytucji, której n kontrolny jest w polu 001
    • NUKAT
005 -DATA I CZAS OSTATNIEJ MODYFIKACJI [,]
    • @
    • pole kontrolne
    • 20241231094450.0
020 -Międzynarod. znormalizowany nr książki - ISBN [ , ]
    • a
    • Numer ISBN
    • 8321110401 Find
040 -Instytucja sporządzająca opis [ , ]
    • a
    • Instytucja, która sporządziła opis (NP)
    • OLSZT 003/WO
    • c
    • Instytucja, która sporządziła rekord (NP)
    • OLSZT 003/WO
    • d
    • Instytucja, która zmodyfikowała rekord (P)
    • OLSZT 003/WO
    • d
    • Instytucja, która zmodyfikowała rekord (P)
    • WA U/JKs
    • d
    • Instytucja, która zmodyfikowała rekord (P)
    • GD U/KMs
942 -Rodzaj dokumentu [ , ]
    • c
    • Rodzaj dokumentu
    • Książka
100 -Hasło główne - nazwa osobowa [1, ]
    • a
    • Nazwa osobowa (NP)
    • Wojciechowski, Bronisław
    • d
    • Daty biograficzne (NP)
    • (1921-1986).
    • 9
    • KHW
    • 26319
245 -Strefa tytułu i oznaczenia odpowiedzialności [1,0]
    • a
    • Tytuł
    • W powstaniu na Mokotowie / Find
    • c
    • Pozostałe elementy strefy tytułu i oznaczenia odpowiedzialności (NP)
    • Bronisław Wojciechowski ; wstęp, oprac. i przypisy Lesław M. Bartelski.
260 -Strefa adresu wydawniczego [ , ]
    • a
    • Miejsce wydania (P)
    • Warszawa :
    • b
    • Nazwa wydawcy (P)
    • Instytut Wydawniczy Pax,
    • c
    • Data wydania (P)
    • 1989.
300 -Strefa opisu fizycznego [ , ]
    • a
    • Określenie formy książki i/lub objętość (NP)
    • 186, [2] s., [1] k. tabl. ;
    • c
    • Format (NP)
    • 20 cm.
336 -Typ zawartości [ , ]
    • a
    • Termin opisujący typ zawartości
    • Tekst
    • b
    • Kod określający zawartość
    • txt
    • 2
    • Źródło (terminu i kodu)
    • rdacontent
337 -Typ mediów [ , ]
    • a
    • Tryb odtwarzania
    • Bez urządzenia pośredniczącego
    • b
    • Kod typu mediów
    • n
    • 2
    • Źródło (terminu i kodu)
    • rdamedia
338 -Typ/rodzaj nośnika [ , ]
    • a
    • Hasło opisujące typ nośnika
    • Wolumin
    • b
    • Kod typu nośnika
    • nc
    • 2
    • Źródło (terminu i kodu)
    • rdacarrier
504 -Uwaga dot. bibliogr. załącznikowej [ , ]
    • a
    • Uwaga dot. bibliografii załącznikowej
    • Indeks.
080 -Uniwersalna Klasyfikacja Dziesiętna [ , ]
    • a
    • Symbol klasyfikacji
    • 943.8.082.218
651 -Hasło przedmiotowe w formie nazwy geograficznej [ ,7]
    • a
    • Nazwa geograficzna
    • Warszawa (Polska)
    • y
    • Określnik chronologiczny
    • 1944 (Powstanie Warszawskie)
    • v
    • Określnik formalny
    • relacje osobiste.
    • 2
    • Źródło terminu
    • kaba
    • 9
    • KHW
    • 350124
651 -Hasło przedmiotowe w formie nazwy geograficznej [ ,7]
    • a
    • Nazwa geograficzna
    • Mokotów (Warszawa, Polska ; dzielnica).
    • 2
    • Źródło terminu
    • kaba
    • 9
    • KHW
    • 135038
980 -Symbol UKD [ , ]
    • a
    • UKD
    • 943.8.082.218
700 -Hasło dodatkowe - nazwa osobowa [1, ]
    • a
    • Nazwa osobowa (NP)
    • Bartelski, Lesław Marian Find
    • d
    • Daty biograficzne (NP)
    • (1920-2006).
    • e
    • Określenie rodzaju współpracy
    • Wstęp
    • 9
    • KHW
    • 9300
710 -Hasło dodatkowe - nazwa ciała zbiorowego [2, ]
    • a
    • Nazwa ciała zbiorowego lub nazwa geograficzna jako pierwszy element (NP)
    • Instytut Wydawniczy "Pax".
    • 4
    • Kod relacji
    • pbl
    • 9
    • KHW
    • 53061
920 -ISBN [ , ]
    • a
    • ISBN
    • 83-211-1040-1 Find
Sygnatura Lokalizacja Data inwentaryzacji Numer inwentarzowy Status udost.
Z.76698BG2002-10-29Z.766982
W.166494BG2002-10-29W.166494-3
W.166494BG2002-10-29W.166495-3
 BG2002-11-15JK.811